| 000 | 00344nam a2200109Ia 4500 | ||
|---|---|---|---|
| 008 | 220204s9999 xx 000 0 und d | ||
| 020 | _a9291372064 | ||
| 082 |
_a339.564(035) _bITC |
||
| 245 | 0 | _aSuccessful services exporting : A handbook for firms, associations and governments | |
| 260 |
_aGeneva _bInternational Trade Centre _c2001 |
||
| 942 | _cBK | ||
| 999 |
_c44027 _d44027 |
||